The Rabhas of West Bengal (Record no. 88499)
[ view plain ]
| 000 -LEADER | |
|---|---|
| fixed length control field | 00864cam a2200241 4500 |
| 001 - CONTROL NUMBER | |
| control field | sa 68018551 |
| 003 - CONTROL NUMBER IDENTIFIER | |
| control field | DLC |
| 005 - DATE AND TIME OF LATEST TRANSACTION | |
| control field | 20260227112712.0 |
| 008 - FIXED-LENGTH DATA ELEMENTS--GENERAL INFORMATION | |
| fixed length control field | 710719s1967 ii b b 001 0 eng |
| 010 ## - LIBRARY OF CONGRESS CONTROL NUMBER | |
| LC control number | sa 68018551 |
| 025 ## - OVERSEAS ACQUISITION NUMBER | |
| Overseas acquisition number | PL480:I-E-10210 |
| 040 ## - CATALOGING SOURCE | |
| Original cataloging agency | DLC |
| Transcribing agency | DLC |
| Modifying agency | DLC |
| 050 00 - LIBRARY OF CONGRESS CALL NUMBER | |
| Classification number | DS432.R23 |
| Item number | D3 |
| 100 1# - MAIN ENTRY--PERSONAL NAME | |
| Personal name | Das, Amal Kumar. |
| 245 14 - TITLE STATEMENT | |
| Title | The Rabhas of West Bengal |
| Statement of responsibility, etc. | [by] Amal Kumar Das [and] Manis Kumar Raha. |
| 260 ## - PUBLICATION, DISTRIBUTION, ETC. | |
| Place of publication, distribution, etc. | Calcutta, |
| Name of publisher, distributor, etc. | Scheduled Castes and Tribes Welfare Dept., Govt. of West Bengal, |
| Date of publication, distribution, etc. | 1967. |
| 300 ## - PHYSICAL DESCRIPTION | |
| Extent | 176 p. |
| Other physical details | map. |
| Dimensions | 23 cm. |
| 490 1# - SERIES STATEMENT | |
| Series statement | Bulletin of the Cultural Research Institute, special series no. 9 |
| 504 ## - BIBLIOGRAPHY, ETC. NOTE | |
| Bibliography, etc. note | Includes bibliographical references. |
| 650 #0 - SUBJECT ADDED ENTRY--TOPICAL TERM | |
| Topical term or geographic name entry element | Rabha (Indic people) |
| 700 1# - ADDED ENTRY--PERSONAL NAME | |
| Personal name | Raha, Manis Kumar, |
| Relator term | joint author. |
| 830 #0 - SERIES ADDED ENTRY--UNIFORM TITLE | |
| Uniform title | Bulletin of the Cultural Research Institute. |
| Name of part/section of a work | Special series ; |
| Volume/sequential designation | no. 9. |
No items available.